JAVA SECURITY (Record no. 216304)

MARC details
000 -LEADER
fixed length control field 00448nam a22001697a 4500
008 - FIXED-LENGTH DATA ELEMENTS--GENERAL INFORMATION
fixed length control field 251127b |||||||| |||| 00| 0 eng d
020 ## - INTERNATIONAL STANDARD BOOK NUMBER
International Standard Book Number 978-0-596-00157-5
100 ## - MAIN ENTRY--PERSONAL NAME
Personal name OAKS, SCOTT
245 ## - TITLE STATEMENT
Title JAVA SECURITY
250 ## - EDITION STATEMENT
Edition statement 2ND ED
260 ## - PUBLICATION, DISTRIBUTION, ETC.
Place of publication, distribution, etc. BEIJING
Name of publisher, distributor, etc. OREILLY
Date of publication, distribution, etc. 2001
300 ## - PHYSICAL DESCRIPTION
Extent XVI, 599P.
500 ## - GENERAL NOTE
General note INCLUDES INDEX
650 ## - SUBJECT ADDED ENTRY
Topical term or geographic name entry element 1. JAVA (COMPUTER PROGRAM LANGUAGE) 2. COMPUTER SECURITY
942 ## - ADDED ENTRY ELEMENTS (KOHA)
Source of classification or shelving scheme Library of Congress Classification
Koha item type Long Loan Book
Holdings
Withdrawn status Lost status Source of classification or shelving scheme Damaged status Not for loan Collection Home library Current library Shelving location Date acquired Inventory number Total checkouts Full call number Barcode Date last seen Copy number Price effective from Koha item type Date last checked out
    Library of Congress Classification     Science & Technology Kisii University Library Kisii University Library On Display 11/27/2025 110226   QA 76.73 .J38O25 2001 000000020074 11/27/2025 C.1 11/27/2025 Long Loan Book  
    Library of Congress Classification     Science & Technology Kisii University Library Kisii University Library On Display 11/27/2025 110227 1 QA 76.73 .J38O25 2001 000000020075 04/08/2026 C.2 11/27/2025 Long Loan Book 03/28/2026
    Library of Congress Classification     Science & Technology Kisii University Library Kisii University Library On Display 11/27/2025 110228   QA 76.73 .J38O25 2001 000000020076 11/27/2025 C.3 11/27/2025 Long Loan Book